00442nam a2200145 i 450000100060000000300090000600500170001500700030003200800410003510000350007624500910011126000510020230000220025385200210027564482ES-MaACL20230906165135.0t|031224s1917 fr ||||1| fre d1 aFonsegrive, George-Lespinasse.12aL'evolution des idées dans la France contemporaine / cGeorge-Lespinasse Fonsegrive. aParis : bBloud et Gay, c1917 (fPaul Dupont) a348 p. ; c20 cm. aES-MaACLjF-4087